Cine y Derecho en 13 pelc̕ulas

Detalles Bibliográficos
Autor principal: Ortega Gimňez, Alfonso
Otros Autores: Cremades Garca̕, Purificacin̤
Formato: eBook
Lenguaje:español
Publicado: Alicante : Editorial Club Universitario, 2013
Materias:
Acceso en línea:http://www.vlex.com/source/7057

MARC

LEADER 00000nam a22000007a 4500
005 20130222131147.0
007 cr|||| ||||
008 130222e2013 sp |||||s|||| 00||0 spa d
020 |a 978-84-9948-845-5 
035 |a 7057 
040 |a vLex 
090 |c 3730  |d 3730 
100 1 0 |a Ortega Gimňez, Alfonso 
245 1 0 |a Cine y Derecho en 13 pelc̕ulas  |h [Recurso electrn̤ico] 
256 |a Servicio en ln̕ea 
260 |a Alicante :  |b Editorial Club Universitario,   |c 2013 
300 |a 1 Recurso electrn̤ico 
650 0 4 |a Cine 
650 0 4 |a Derecho 
700 1 0 |a Cremades Garca̕, Purificacin̤  
740 |a vLex Libros (Servicio en ln̕ea) 
856 |a Acceso restringido  |u http://www.vlex.com/source/7057 
942 |c BOOK 
999 0 |a Law